Brawl Stars Quiz 67 - Statistics

General Stats
  • This quiz has been taken 39 times
  • The average score is 14 of 32
Answer Stats
Hint Answer % Correct
Which Brawler is based on Kung-fu? Fang
87%
How many brawlers have 3 mythic skins? 2
74%
Who is in the same trio as Lily? Cordelius
74%
Who killed the ant's (Trunk) wife? Doug
74%
Which Brawler is Bonnie's uncle? Stu
74%
Which Brawler's Mastery Title is "Trash Tier"? Ash
70%
Which Legendary brawler doesn't have a voiceline? Spike
70%
How many tiles can Bibi's super travel? 30
65%
Who does Edgar work for? Griff
65%
In Nov, 2025, what collaboration did Brawl Stars have? Stranger Things
65%
What is 8-Bit's Speed? very slow
61%
How many gems does a Hypercharge skin cost? 499
57%
Which Brawler is Janet's sister? Bonnie
57%
In the Brawl Pass Plus of Season 1, Whose skin was the BPP skin? Gale
52%
Who does Berry work for? Mandy
52%
Which Brawler has the most skins? Brock
43%
Which Brawler's Mastery title is "The Maestro"? Chuck
43%
In the season of 2025 Nov, who is getting a hypercharge skin? Nita
43%
Which rare brawler has the most DPS (In the best condition) ? Bull
39%
Who is the best brawler at heist? Chuck
39%
Which epic brawler's gadget stuns people for a short duration? Maisie
35%
What animal is Hank? prawn
35%
What is the Mythic skin of brock? Zeus
30%
What is Ollie's Mastery Title? Based
26%
Which brawler received 13-15 nerfs? Crow
22%
Which Brawler's gadget has the least cooldown of 9 seconds? Max
22%
In what season did Kenji get his first Hypercharge skin? Battle of the Katana Kingdom
17%
What is the name of Ollie's Hypercharge? Ain't no half-supering
13%
What collab doesn't allow players to use bling to buy skins? Brown and Friends, BT21
9%
What is the red chroma of Mecha Finx? Crimson Tyfinx
9%
Which brawler has only 1 rare skin, 1 epic skin, and 2 mythic skins? R-T
9%
Skins that have death effects but is not Legendary skin. Blue King Frank, Red King Frank
4%
No matching quizzes found
Score Distribution
Percent of People with Each Score
Percentile by Number Answered
Your Score History
You have not taken this quiz